000 01322nam a2200289 i 4500
001 bg
111 2 _aKonferencja Naukowo-Techniczna Produkcja i Zarządzanie w Hutnictwie
_n(11 ;
_d2003 ;
_cUstroń Jaszowiec).
245 1 0 _aProdukcja i zarządzanie w hutnictwie :
_bXI Konferencja Naukowo-Techniczna, Ustroń-Jaszowiec, 25-27 czerwca 2003 /
_c[red. nauk. Ryszard Budzik].
260 _aCzęstochowa :
_bWydaw. WIPMiFS PC,
_c2003.
300 _a455 s. :
_bil. ;
_c24 cm.
490 1 _aMateriały Konferencyjne Wydziału Inżynierii Procesowej, Materiałowej i Fizyki Stosowanej / Politechnika Częstochowska. Metalurgia ;
_vnr 32
500 _aTekst częśc. czes., ros. Streszcz. ang. przy ref.
504 _aBibliogr. przy ref.
650 9 _aHutnictwo
_xorganizacja
_zPolska
_yod 1989 r.
650 9 _aHutnictwo
_xzarządzanie
_zPolska
_yod 1989 r.
650 9 _aMetalurgia
655 _aMateriały konferencyjne
700 1 _aBudzik, Ryszard.
_eRed.
830 0 _aMateriały Konferencyjne Wydziału Inżynierii Procesowej, Materiałowej i Fizyki Stosowanej (Politechnika Częstochowska).
_pMetalurgia ;
_vnr 32
020 _a8387745960
040 _cBPK
041 0 _apolczerus
_beng
080 _a669(438)"1989/..."(061)
920 _a83-87745-96-0
942 _cKS
008 s pl f |000 0 pol
999 _c43985
_d43985
856 _uhttp://koha.tu.koszalin.pl/cgi-bin/koha/opac-detail.pl?biblionumber=43985
_yKatalog online BPK